| 000 | 00547nam a2200217 a 4500 | ||
|---|---|---|---|
| 999 |
_c4135 _d4135 |
||
| 001 | 4135 | ||
| 003 | BD-JhCC | ||
| 005 | 20171125121951.0 | ||
| 008 | 171123s1951 enka|||| ||a| 000 0 eng d | ||
| 035 | _a(BD-JhCC)4135 | ||
| 040 |
_aBD-JhCC _dBD-JhCC |
||
| 041 | _aeng | ||
| 082 |
_a526.8 _bRAI 1951 |
||
| 100 | _aRaisz, Erwin | ||
| 245 |
_aPrinciples of Cartography / _cErwin Raisz |
||
| 260 |
_aLondon : _bMcGraw-Hill Book Company, _c1951. |
||
| 300 |
_a315 p. : _c23 cm. _billu; |
||
| 650 | _aCartography | ||
| 942 |
_2ddc _cBK |
||